Statistics for Cities Closest to Paris by Number of Inhabitants

Click here to take the quiz!

General Stats

  • This quiz has been taken 48 times
  • The average score is 32 of 60

Answer Stats

HintAnswer% Correct
506,615391 kmLyon
95%
8,673,173 | 8,673,713344 kmLondon
95%
1,175,173264 kmBrussels
92%
844,667430 kmAmsterdam
89%
3,141,9911054 kmMadrid
87%
3,520,031878 kmBerlin
84%
1,604,555832 kmBarcelona
82%
2,870,3361,107 kmRome
82%
1,349,426640 kmMilan
76%
1,450,381685 kmMunich
76%
517,042301 kmAntwerp
74%
619,879373 kmRotterdam
66%
612,718412 kmDüsseldorf
63%
1,267,449884 kmPrague
61%
1,060,582403 kmCologne
61%
1,787,408746 kmHamburg
61%
292,718343 kmNantes
58%
111,557112 kmRouen
58%
3,090,5082,098 kmAthens
55%
1,101,360503 kmBirmingham
55%
14,804,1162,258 kmIstanbul
53%
2,900,9202,025 kmKiev
53%
175,497178 kmLe Havre
42%
520,704383 kmThe Hague
42%
4,879,5662,167 kmSt. Petersburg
42%
114,286111 kmOrléans
42%
182,592130 kmReims
39%
257,029263 kmGhent
39%
139,271116 kmAmiens
39%
3,415,8111,348 kmAlgiers
39%
3,359,8181,890 kmCasablanca
37%
109,4089 kmSaint-Denis
34%
582,624441 kmEssen
34%
253,561353 kmSouthampton
32%
148,169185 kmLe Mans
29%
117,1268 kmBoulogne-Billancourt
24%
103,5207 km | 7,09 kmMontreuil
21%
66,1666,79 kmIssy-les-Moulineaux
21%
106,81713 kmArgenteuil
18%
58,5795,52 kmIvry-sur-Seine
18%
61,7546,89 kmNeuilly-sur-Seine
16%
84,3697,95 kmVitry-sur-Seine
13%
77,4526,62 kmAubervilliers
13%
63,6436,23 kmLevallois-Perret
13%
54,1365,96 kmPantin
11%
259,996390 kmMönchengladbach
8%
83,8458,06kmAsnières-sur-Seine
8%
53,4207,13 kmVillejuif
5%

Score Distribution

Percentile by Number Answered

Percent of People with Each Score

Your Score History

You have not taken this quiz